| 000 | 00000nam##2200000za#4500 |
| 001 | 9.578086 |
| 003 | CaOODSP |
| 005 | 20210624185923 |
| 007 | cr ||||||||||| |
| 008 | 150406|2010||||xxc|||||o f|0| 0 eng|d |
| 040 | |aCaOODSP|beng |
| 043 | |an-cn--- |
| 086 | 1 |aPS73-1/2010-09-02E-PDF |
| 110 | 2 |aCanadian Security Intelligence Service. |
| 245 | 10|aMatching ambitions and realities - what future for Russia? : |h[electronic resource]|bhighlights from the conference 6-7 May 2010, Ottawa / |cConference rapporteur : Brandon Deuville. |
| 260 | |aOttawa - Ontario : |bCanadian Security Intelligence Service |cSeptember 2010. |
| 300 | |a61p. |
| 490 | 1 |aWorld watch|vSeries publication No 2010-09-02 |
| 500 | |a"A conference of the Canadian Security Intelligence Service jointly sponsored by Foreign Affairs and International Trade Canada and the Privy Council Office" |
| 590 | |a13-27-Supp|b2013-11-15 |
| 775 | 08|tEntre ambition et réalité, que réserve l'avenir à la Russie? : |w(CaOODSP)9.606323 |
| 830 | #0|aWorld watch ;|vSeries publication No 2010-09-02|w(CaOODSP)9.507689 |
| 856 | 40|ahttp://publications.gc.ca|qPDF|s1.73 MB|uhttps://publications.gc.ca/collections/collection_2013/scrs-csis/PS73-1-2010-09-02-eng.pdf|ySeries publication No 2010-09-02 |